| 000 | 00602nmc a2200241 a 4500 | ||
|---|---|---|---|
| 003 | AR-BaBNM | ||
| 005 | 20251128202803.0 | ||
| 008 | 187119s1972 ||||||||||||||000 | spa|| | ||
| 040 | _cAR-BaBNM | ||
| 100 | 1 | _aFischer, Rosa | |
| 245 | 1 | 0 | _aPeriodismo escolar |
| 260 |
_aRosario _bBiblioteca _c1972 |
||
| 300 | 0 |
_a85 p. _bil. |
|
| 490 | 0 |
_aPraxis _vv. 10 |
|
| 650 | 4 | _aPERIODISMO | |
| 650 | 4 | _aRADIO EDUCATIVA | |
| 650 | 4 | _aPERIODICOS | |
| 650 | 4 | _aOBJETIVOS EDUCACIONALES | |
| 650 | 4 | _aASESORES ESCOLARES [PRIMARIA] | |
| 800 | 1 |
_aAgeno, Raúl Mario _edirector |
|
| 942 | _cBK | ||
| 998 | _cCarmen | ||
| 999 |
_c572 _d572 |
||